[Event "Titled Tue 20th May Late"]
[Site "chess.com INT"]
[Date "2025.05.20"]
[Round "7"]
[White "Fernandes, Rogerio Paulo Muller"]
[Black "Zhou, Abigail"]
[Result "0-1"]
[BlackTitle "WCM"]
[WhiteElo "2241"]
[BlackElo "1744"]
[WhiteFideId "2101599"]
[BlackFideId "39922081"]
[EventDate "2025.05.20"]

1. c4 e6 2. g3 d5 3. Bg2 Nf6 4. Nf3 dxc4 5. O-O c5 6. a4 Nc6 7. Na3 c3 8. dxc3
Qxd1 9. Rxd1 Be7 10. Nb5 O-O 11. Bf4 a6 12. Nd6 Nd5 13. Nc4 Nxf4 14. gxf4 Rd8
15. Nfe5 Nxe5 16. fxe5 Rb8 17. Rxd8+ Bxd8 18. Rd1 Be7 19. a5 Kf8 20. Nb6 Ke8 21.
Rd2 Bd8 22. Nc4 Bc7 23. f4 Bd7 24. Nd6+ Ke7 25. Nxb7 Bb5 26. Nxc5 Bxa5 27. Ne4
Bb6+ 28. Kf1 Be3 29. Rd1 Bxf4 30. Nd6 Bxe5 31. Nxb5 Rxb5 32. Rd2 a5 33. Bf3 Bxh2
34. Kg2 Bf4 0-1

[Event "Titled Tue 20th May Late"]
[Site "chess.com INT"]
[Date "2025.05.20"]
[Round "7"]
[White "Distaso, Antonio Pio"]
[Black "Zilberstein, Dmitry"]
[Result "0-1"]
[BlackTitle "IM"]
[WhiteElo "2253"]
[BlackElo "2358"]
[WhiteFideId "805548"]
[BlackFideId "2010739"]
[EventDate "2025.05.20"]

1. e4 d6 2. d4 Nf6 3. Nc3 g6 4. f4 Bg7 5. Nf3 O-O 6. Bd3 Nc6 7. e5 dxe5 8. dxe5
Nd5 9. Nxd5 Qxd5 10. Qe2 Bg4 11. Be4 Qa5+ 12. Bd2 Qa4 13. Bc3 f5 14. Bd5+ Kh8
15. Bb3 Qxf4 16. O-O Bxf3 17. Rxf3 Qe4 18. Re3 Qh4 19. Re1 Rad8 20. Rh3 Qg5 21.
Rg3 Qh4 22. Rh3 Qg4 23. Qe3 f4 24. Qe4 Rd1 25. Re3 Qg5 26. Re2 Rxe1+ 27. Rxe1 f3
28. g3 f2+ 29. Kg2 fxe1=Q 30. Bxe1 Qxe5 31. Qxe5 Bxe5 0-1

[Event "Titled Tue 20th May Late"]
[Site "chess.com INT"]
[Date "2025.05.20"]
[Round "7"]
[White "Ruiz Aguilar, Pablo Alexander"]
[Black "Arakhamia-Grant, Ketevan"]
[Result "0-1"]
[WhiteTitle "FM"]
[BlackTitle "GM"]
[WhiteElo "2141"]
[BlackElo "2262"]
[WhiteFideId "4401352"]
[BlackFideId "13600168"]
[EventDate "2025.05.20"]

1. e4 c5 2. Nf3 Nc6 3. d4 cxd4 4. Nxd4 e5 5. Nb5 d6 6. c4 Be6 7. N1c3 a6 8. Na3
g6 9. Bd3 Bg7 10. O-O Nge7 11. Nc2 O-O 12. Ne3 f5 13. Ned5 f4 14. Be2 h5 15. Kh1
Nd4 16. f3 Nec6 17. b3 g5 18. Bb2 Kh8 19. b4 Rg8 20. b5 axb5 21. cxb5 Na5 22. b6
Rc8 23. Nc7 Rxc7 24. bxc7 Qxc7 25. Nb5 Nxb5 26. Bxb5 g4 27. Be2 g3 28. hxg3 Bh6
29. gxf4 Bxf4 30. Bc1 Bg3 31. Qd2 Rg6 32. f4 Qe7 0-1

[Event "Titled Tue 20th May Late"]
[Site "chess.com INT"]
[Date "2025.05.20"]
[Round "7"]
[White "Hernandez Bermudez, Ulises Eduardo"]
[Black "Przybylski, Bartosz"]
[Result "1/2-1/2"]
[BlackTitle "CM"]
[WhiteElo "2042"]
[BlackElo "2107"]
[WhiteFideId "3902510"]
[BlackFideId "21878323"]
[EventDate "2025.05.20"]

1. e4 c5 2. c3 e5 3. Nf3 Nc6 4. Bc4 Nf6 5. O-O Nxe4 6. Re1 d5 7. Bb5 Bd6 8. d3
Nf6 9. Nxe5 O-O 10. Nxc6 bxc6 11. Bxc6 Rb8 12. c4 dxc4 13. dxc4 Qc7 14. Bf3
Bxh2+ 15. Kh1 Bf4 16. Nc3 Bxc1 17. Qxc1 Bg4 18. Nd5 Nxd5 19. Bxd5 Rb6 20. g3 Qd6
21. b3 Qf6 22. Kg2 Rd6 23. Qe3 h6 24. f3 Be6 25. Rad1 Rfd8 26. Qxc5 Qb2+ 27. Qf2
Qxf2+ 28. Kxf2 Bxd5 29. cxd5 Rxd5 30. Rxd5 Rxd5 31. Re8+ Kh7 32. Re7 Rd2+ 33.
Ke3 Rxa2 34. Rxf7 Ra3 35. Rb7 a5 36. Ke4 Kg6 37. g4 Kf6 38. f4 Ra1 39. Rb6+ Kf7
40. Kf5 Re1 41. Ra6 Re3 42. g5 hxg5 43. Kxg5 Rxb3 44. Ra7+ Kg8 45. Rxa5 Rb6 46.
f5 Kh7 47. Ra3 Rh6 48. Re3 Ra6 49. Rh3+ Kg8 50. Rc3 Ra1 51. Re3 Rg1+ 52. Kf4 Kf7
53. Ke5 Rg5 54. Rb3 Rg1 55. Rb7+ Kg8 56. Rb8+ Kf7 57. Rb7+ Kf8 58. Rb8+ Ke7 59.
Rb7+ Kf8 60. Rb8+ Kf7 61. Rb7+ 1/2-1/2

[Event "Titled Tue 20th May Late"]
[Site "chess.com INT"]
[Date "2025.05.20"]
[Round "7"]
[White "Ribeiro, Matheus Mendes Domingues"]
[Black "Jovic, Stanoje"]
[Result "1-0"]
[WhiteTitle "FM"]
[BlackTitle "FM"]
[WhiteElo "2294"]
[BlackElo "2096"]
[WhiteFideId "324226923"]
[BlackFideId "905020"]
[EventDate "2025.05.20"]

1. Nf3 d5 2. e3 c5 3. c4 d4 4. b4 dxe3 5. fxe3 cxb4 6. d4 e6 7. Bd3 Nf6 8. O-O
Nc6 9. a3 bxa3 10. Bxa3 Bxa3 11. Nxa3 O-O 12. Nb5 a6 13. Nc3 Re8 14. Ne4 Nxe4
15. Bxe4 Bd7 16. Rb1 b5 17. cxb5 axb5 18. Rxb5 Ra5 19. Rxa5 Qxa5 20. Bxc6 Bxc6
21. Ne5 Qc3 22. Rxf7 Qxe3+ 23. Kh1 Bb5 24. h3 Qe2 25. Qc1 h6 26. Qc7 Qe1+ 27.
Kh2 Qb1 28. Rxg7+ Kh8 29. Ng6+ 1-0

[Event "Titled Tue 20th May Late"]
[Site "chess.com INT"]
[Date "2025.05.20"]
[Round "7"]
[White "Alvarado, Carlos"]
[Black "Medina Paz, Miguel"]
[Result "1-0"]
[WhiteTitle "CM"]
[BlackTitle "IM"]
[WhiteElo "2032"]
[BlackElo "2368"]
[WhiteFideId "3800555"]
[BlackFideId "7300379"]
[EventDate "2025.05.20"]

1. Nf3 Nf6 2. e3 g6 3. b3 Bg7 4. Bb2 O-O 5. Be2 d6 6. O-O e5 7. c4 Nbd7 8. d3 e4
9. dxe4 Nxe4 10. Bxg7 Kxg7 11. Qc2 Nef6 12. Qb2 a5 13. Nc3 Kg8 14. Rad1 Nc5 15.
Nb5 Ne6 16. c5 d5 17. Ne5 Ne4 18. c6 bxc6 19. Nxc6 Qe8 20. Rc1 Bd7 21. Nbd4 Nxd4
22. Nxd4 c5 23. Nf3 Rc8 24. Rfd1 Be6 25. Ne5 Qe7 26. Bf3 Nf6 27. h3 Rfd8 28. Nd3
d4 29. e4 Nd7 30. Qa3 Kf8 31. Qxa5 Ra8 32. Qd2 Ra3 33. Rc2 Rda8 34. Rdc1 R8a5
35. Qh6+ Kg8 36. b4 Rxd3 37. bxa5 c4 38. Be2 Ne5 39. Bxd3 Nxd3 40. Rxc4 Nxc1 41.
Rxc1 d3 42. a6 Qa3 43. Rb1 Qd6 44. a7 Bd5 1-0

[Event "Titled Tue 20th May Late"]
[Site "chess.com INT"]
[Date "2025.05.20"]
[Round "7"]
[White "Serban, Cristian-Stefan"]
[Black "Ferrara, Enzo"]
[Result "1-0"]
[WhiteTitle "FM"]
[WhiteElo "2332"]
[BlackElo "2138"]
[WhiteFideId "1241443"]
[BlackFideId "137731"]
[EventDate "2025.05.20"]

1. Nf3 f5 2. d4 Nf6 3. c4 g6 4. Nc3 Bg7 5. g3 O-O 6. Bg2 d6 7. O-O c6 8. b3 Nbd7
9. Re1 Ne4 10. Bb2 Ndf6 11. Qc2 Nxc3 12. Bxc3 Ne4 13. Bb2 a5 14. a3 Kh8 15. Rad1
Be6 16. d5 Bg8 17. Bxg7+ Kxg7 18. Qb2+ Nf6 19. e4 fxe4 20. Ng5 cxd5 21. cxd5 Qb6
22. Rxe4 Rae8 23. Rde1 Qd8 24. R4e3 h6 25. Ne6+ Bxe6 26. Rxe6 Kf7 27. h4 h5 28.
Qd2 Qb6 29. Qh6 Qd4 30. Bh3 Rg8 31. R6e3 Ng4 32. Rf3+ Qf6 33. Rxf6+ Nxf6 34.
Be6# 1-0

[Event "Titled Tue 20th May Late"]
[Site "chess.com INT"]
[Date "2025.05.20"]
[Round "7"]
[White "Flores Mirabal, Nancy"]
[Black "Van Dael, Siem"]
[Result "1-0"]
[WhiteTitle "WCM"]
[BlackTitle "FM"]
[WhiteElo "2050"]
[BlackElo "2258"]
[WhiteFideId "109339"]
[BlackFideId "1049771"]
[EventDate "2025.05.20"]

1. c4 c6 2. b3 d5 3. Bb2 Nf6 4. g3 Bf5 5. Bg2 Na6 6. d3 e6 7. Nf3 Bb4+ 8. Nbd2
O-O 9. O-O Re8 10. a3 Bd6 11. Re1 e5 12. e4 Be6 13. exd5 cxd5 14. Nxe5 Nc5 15.
d4 Bxe5 16. dxe5 Ng4 17. h3 Nh6 18. cxd5 Bxd5 19. Nf3 Be4 20. Qxd8 Raxd8 21. Bc3
Bxf3 22. Bxf3 Rd3 23. Re3 Red8 24. b4 Nb3 25. Rb1 Rxe3 26. fxe3 Nd2 27. Bxd2
Rxd2 28. g4 g6 29. Bxb7 Rd3 30. e4 Rxh3 31. a4 Nxg4 32. b5 Ra3 33. Rb4 Ne3 34.
Rd4 h5 35. Bd5 h4 36. e6 fxe6 37. Bxe6+ Kg7 38. e5 h3 39. Bxh3 Nc2 40. Rh4 Ne3
41. Bd7 g5 42. Re4 Nc2 43. e6 Kf8 44. e7+ 1-0

[Event "Titled Tue 20th May Late"]
[Site "chess.com INT"]
[Date "2025.05.20"]
[Round "7"]
[White "Dmitriev, Sergey"]
[Black "Peatman, Carter"]
[Result "1/2-1/2"]
[WhiteTitle "FM"]
[WhiteElo "2312"]
[BlackElo "2082"]
[WhiteFideId "14101785"]
[BlackFideId "2096480"]
[EventDate "2025.05.20"]

1. e4 e5 2. Nf3 Nf6 3. Nc3 Bb4 4. d3 d6 5. Bd2 O-O 6. Be2 c6 7. O-O Bg4 8. h3
Bh5 9. a3 Ba5 10. Re1 Bc7 11. Nh2 Bg6 12. f4 exf4 13. Bxf4 Re8 14. Ng4 Nbd7 15.
Nxf6+ Qxf6 16. Rf1 Qd4+ 17. Kh1 a5 18. a4 Nc5 19. Qd2 Rad8 20. Be3 Qb4 21. Bxc5
Qxc5 22. Qe1 Qb4 23. Rb1 d5 24. exd5 Qd6 25. g3 Re3 26. Qf2 Rde8 27. Bf3 Bb6 28.
Qg2 h5 29. dxc6 bxc6 30. Ne4 Bxe4 31. dxe4 h4 32. g4 Qe5 33. c3 Bc7 34. Rbd1 Re6
35. Rde1 Rxe1 36. Rxe1 Rf6 37. Rf1 Rf5 38. gxf5 Qf4 39. Rg1 Be5 40. Be2 Qe3 41.
Bg4 Bg3 42. Qf3 Qd2 43. Qg2 Qe3 44. Bf3 Qf4 45. Bg4 Qe3 1/2-1/2

[Event "Titled Tue 20th May Late"]
[Site "chess.com INT"]
[Date "2025.05.20"]
[Round "7"]
[White "Vykouk, Jan"]
[Black "Tsydypov, Zhamsaran"]
[Result "1-0"]
[WhiteTitle "IM"]
[BlackTitle "GM"]
[WhiteElo "2496"]
[BlackElo "2514"]
[WhiteFideId "349658"]
[BlackFideId "4108566"]
[EventDate "2025.05.20"]

1. e4 c6 2. d4 d5 3. Nc3 dxe4 4. Nxe4 Nf6 5. Nxf6+ exf6 6. Be3 Bd6 7. Bd3 O-O 8.
c4 Nd7 9. Qc2 h6 10. Ne2 a5 11. O-O Re8 12. Nc3 Nf8 13. Rfe1 Ne6 14. Rad1 Bd7
15. d5 cxd5 16. Nxd5 Bc6 17. Nb6 Qc7 18. Nxa8 Bxh2+ 19. Kh1 Rxa8 20. Bh7+ Kh8
21. Be4 Be5 22. Bxc6 bxc6 23. b3 Qb7 24. Qd2 Bc7 25. Bxh6 a4 26. Qe3 Ra5 27. g4
Re5 28. Qh3 gxh6 29. Qxh6+ Kg8 30. Qxf6 c5+ 31. Kg1 Nd4 32. Re3 Ne2+ 33. Kf1 Nd4
34. Rh3 Rh5 35. Rxh5 Be5 36. Rh8# 1-0

[Event "Titled Tue 20th May Late"]
[Site "chess.com INT"]
[Date "2025.05.20"]
[Round "7"]
[White "Shoboev, Dandar"]
[Black "Ahmad, Khagan"]
[Result "0-1"]
[WhiteTitle "FM"]
[BlackTitle "IM"]
[WhiteElo "2252"]
[BlackElo "2405"]
[WhiteFideId "44197012"]
[BlackFideId "13431552"]
[EventDate "2025.05.20"]

1. e4 c5 2. c3 Nf6 3. e5 Nd5 4. d4 cxd4 5. cxd4 d6 6. f4 Nc6 7. Nc3 e6 8. Nf3
Be7 9. Bd3 Qb6 10. Be4 Nxc3 11. bxc3 Bd7 12. O-O Qc7 13. Rb1 O-O 14. exd6 Qxd6
15. Rxb7 Rfb8 16. Rxb8+ Rxb8 17. Ne5 Be8 18. Qh5 f5 19. Qf3 fxe4 20. Qxe4 Nxe5
21. fxe5 Qc6 22. Qd3 Bg6 23. Qh3 Rf8 24. Rxf8+ Bxf8 25. Bd2 Qc4 26. a4 Bf5 27.
g4 Be4 28. Qe3 Bd5 29. a5 Qa4 30. Qd3 Bc4 31. Qb1 Qxa5 32. h3 Qb5 33. Qa1 a5 34.
Bf4 a4 35. Kg2 a3 36. Kg3 a2 37. Bc1 Qb1 38. Bb2 g5 39. Kg2 h6 40. Kg3 Kf7 41.
Kg2 Ke8 42. Kg3 Be7 43. Kg2 Kd7 44. Kg3 Kc6 45. Kg2 Kd5 46. Kg3 Ke4 47. Kf2 Kd3
48. Kg2 Ke2 49. Kg3 Kd2 50. Kg2 Kc2 51. Kf2 Qxb2 52. Qe1 Kd3+ 53. Kf3 Qd2 54.
Qe4+ Kxc3 55. Qh7 Bd5+ 56. Kg3 Qg2# 0-1

[Event "Titled Tue 20th May Late"]
[Site "chess.com INT"]
[Date "2025.05.20"]
[Round "7"]
[White "Bustelo, Tabare"]
[Black "Matlak, Oleksandr"]
[Result "1-0"]
[WhiteTitle "CM"]
[WhiteElo "2043"]
[BlackElo "2235"]
[WhiteFideId "3000362"]
[BlackFideId "148061879"]
[EventDate "2025.05.20"]

1. d4 Nf6 2. Bg5 Ne4 3. h4 c5 4. f3 Ng3 5. Rh3 Nxf1 6. Kxf1 Qb6 7. dxc5 Qxb2 8.
Nd2 d6 9. cxd6 Bxh3 10. Nxh3 exd6 11. Rb1 Qxa2 12. Rxb7 Nc6 13. Nb3 Qa6 14. Nc5
Qc4 15. Ne4 h6 16. Nxd6+ Bxd6 17. Qxd6 Qe6 18. Qc5 Rc8 19. Nf4 Qe5 20. Re7+ Qxe7
21. Bxe7 Nxe7 22. Qb5+ Kf8 23. c4 g5 24. Nd3 gxh4 25. c5 Nc6 26. Qb7 Kg7 27.
Qb2+ f6 28. Nf4 Rhe8 29. Qc2 Ne5 30. Qc3 Kf7 31. Qb3+ Kg7 32. Qc3 Rc7 33. Nh5+
Kf7 34. Qc2 1-0

[Event "Titled Tue 20th May Late"]
[Site "chess.com INT"]
[Date "2025.05.20"]
[Round "7"]
[White "Abraham, John Z"]
[Black "Montano Vicente, Guadalupe"]
[Result "1-0"]
[WhiteElo "2100"]
[BlackElo "1940"]
[WhiteFideId "30987318"]
[BlackFideId "5181399"]
[EventDate "2025.05.20"]

1. d4 Nf6 2. c4 b6 3. Nf3 Bb7 4. g3 e6 5. Bg2 Bb4+ 6. Bd2 a5 7. O-O O-O 8. Nc3
d6 9. Re1 Nbd7 10. Qc2 c5 11. Nb5 Bxd2 12. Qxd2 Ne4 13. Qc2 cxd4 14. Nfxd4 Ndc5
15. a3 a4 16. Rad1 Qe7 17. f3 Nf6 18. e4 Rac8 19. Rd2 Rfd8 20. Red1 d5 21. exd5
exd5 22. Nf5 Qf8 23. Re2 Kh8 24. Ne7 Rb8 25. cxd5 Nxd5 26. Nxd5 Bxd5 27. Rde1
Bb3 28. Qc3 Re8 29. Nc7 Rxe2 30. Rxe2 Qd6 31. Re8+ Rxe8 32. Qxg7+ Kxg7 33. Nxe8+
Kf8 34. Nxd6 Nd3 35. Nc8 Nxb2 36. Nxb6 Nc4 37. Nxc4 Bxc4 38. Bf1 Bb3 39. Kf2 Ke7
40. Ke3 Kd6 41. Kd4 f6 42. Bb5 h6 43. f4 1-0

[Event "Titled Tue 20th May Late"]
[Site "chess.com INT"]
[Date "2025.05.20"]
[Round "7"]
[White "Buchenau, Frank"]
[Black "Jedryczka, Krystian"]
[Result "1-0"]
[WhiteTitle "FM"]
[WhiteElo "2190"]
[BlackElo "2084"]
[WhiteFideId "4604350"]
[BlackFideId "1109472"]
[EventDate "2025.05.20"]

1. e4 e5 2. Bc4 Nf6 3. d3 c6 4. Nf3 d5 5. Bb3 Bd6 6. exd5 cxd5 7. Bg5 Be6 8. Nc3
Bb4 9. O-O Bxc3 10. bxc3 h6 11. Bh4 Nc6 12. Re1 Qc7 13. Bg3 Nd7 14. d4 O-O 15.
dxe5 Ne7 16. Nd4 Qxc3 17. Re3 Qc5 18. Qd2 a5 19. c3 Nb6 20. Rb1 a4 21. Bc2 Nc4
22. Qd3 Nf5 23. Nxf5 g6 24. Nxh6+ Kg7 25. Bf4 Nxe3 26. Bxe3 Qc4 27. Qd2 Qh4 28.
Bg5 Qh5 29. Bd1 Qxg5 30. Qxg5 Rh8 31. Ng4 Rh5 32. Qf6+ Kh7 33. Ne3 Rh6 34. Bf3
Rh8 35. Rxb7 Bc8 36. Qxf7# 1-0

[Event "Titled Tue 20th May Late"]
[Site "chess.com INT"]
[Date "2025.05.20"]
[Round "7"]
[White "Reprintsev, Alexander"]
[Black "Kahre, Kim"]
[Result "1-0"]
[WhiteTitle "IM"]
[WhiteElo "2256"]
[BlackElo "2119"]
[WhiteFideId "14100541"]
[BlackFideId "518816"]
[EventDate "2025.05.20"]

1. e4 c5 2. Nc3 Nc6 3. f4 e6 4. g3 d5 5. exd5 exd5 6. Bg2 d4 7. Ne4 Nf6 8. Qe2
Nxe4 9. Qxe4+ Qe7 10. Qxe7+ Bxe7 11. Bxc6+ bxc6 12. d3 O-O 13. Nf3 Bf6 14. Kf2
Bg4 15. b3 Rfe8 16. Bd2 Re7 17. Rhe1 Rae8 18. Rxe7 Rxe7 19. Re1 Rxe1 20. Bxe1 g6
21. Nd2 Bd1 22. Ne4 Be7 23. c4 Bc2 24. Ke2 Bb1 25. Kd2 Bxa2 26. Kc2 f5 27. Nd2
Kf7 28. Kb2 Bxb3 29. Nxb3 Kf6 30. Bd2 h6 31. h4 Ke6 32. Ka3 Kd6 33. Ka4 Bd8 34.
Ba5 Be7 35. Ka3 g5 36. h5 gxf4 37. gxf4 Bh4 38. Bd2 Bf2 39. Kb2 Bh4 40. Kc2 Be7
41. Bc1 Kc7 42. Ba3 Kb6 43. Nxd4 Bd6 44. Nxf5 Bxf4 45. Bc1 Be5 46. Nxh6 a5 47.
Nf7 Bf6 48. h6 a4 49. Bb2 1-0

[Event "Titled Tue 20th May Late"]
[Site "chess.com INT"]
[Date "2025.05.20"]
[Round "7"]
[White "Mottola, Max"]
[Black "Nakara Husain"]
[Result "1-0"]
[WhiteElo "2128"]
[BlackElo "1701"]
[WhiteFideId "30985862"]
[BlackFideId "25636111"]
[EventDate "2025.05.20"]

1. Nf3 d5 2. b3 g6 3. Bb2 Nf6 4. e3 Bg7 5. c4 c6 6. Nc3 O-O 7. Be2 Re8 8. d4 Bf5
9. Nh4 Bd7 10. O-O e6 11. Nf3 Na6 12. c5 Nc7 13. b4 Nh5 14. Qb3 e5 15. dxe5 Be6
16. Nd4 Bxe5 17. Bxh5 Qh4 18. Nf3 Qxh5 19. Nxe5 Qxe5 20. Nb5 Qh5 21. Nxc7 Re7
22. Nxa8 d4 23. Qd3 Rd7 24. Bxd4 Bf5 25. Qd2 Be4 26. f3 Bd5 27. Bb2 Qf5 28. Qc3
Kf8 29. e4 Qg5 30. exd5 Rxd5 31. Rae1 1-0

[Event "Titled Tue 20th May Late"]
[Site "chess.com INT"]
[Date "2025.05.20"]
[Round "7"]
[White "Barrientos, Ernesto"]
[Black "Danzer, George"]
[Result "1-0"]
[WhiteTitle "CM"]
[BlackTitle "CM"]
[WhiteElo "2027"]
[BlackElo "2172"]
[WhiteFideId "3701247"]
[BlackFideId "4659465"]
[EventDate "2025.05.20"]

1. e4 c5 2. Nf3 d6 3. d4 cxd4 4. Nxd4 Nf6 5. Nc3 a6 6. h3 e6 7. g4 Be7 8. Bg2
Nc6 9. Be3 Ne5 10. b3 Qc7 11. Nde2 Bd7 12. f4 Ng6 13. O-O O-O 14. Qe1 Bc6 15.
Ng3 Rac8 16. g5 Nd7 17. Nce2 f5 18. gxf6 Nxf6 19. Nd4 Bd7 20. c4 Nh4 21. Bh1 Kh8
22. Rd1 e5 23. fxe5 dxe5 24. Ndf5 Nxf5 25. Nxf5 Bc5 26. Kh2 Bxe3 27. Qxe3 Be6
28. Rg1 Bxf5 29. exf5 e4+ 30. Qg3 Qxg3+ 31. Rxg3 Rcd8 32. Rgg1 Kg8 33. Kg3 Kf7
34. Kf4 Ke7 35. Rxg7+ 1-0

[Event "Titled Tue 20th May Late"]
[Site "chess.com INT"]
[Date "2025.05.20"]
[Round "7"]
[White "Leinov, Roman"]
[Black "Sobek, Jaroslav"]
[Result "1-0"]
[WhiteTitle "CM"]
[BlackTitle "FM"]
[WhiteElo "2120"]
[BlackElo "2195"]
[WhiteFideId "13504649"]
[BlackFideId "301388"]
[EventDate "2025.05.20"]

1. Nf3 c5 2. g3 Nf6 3. Bg2 Nc6 4. O-O g6 5. c3 Bg7 6. d4 cxd4 7. cxd4 d5 8. Nc3
O-O 9. Ne5 Bf5 10. Nxc6 bxc6 11. Be3 Nd7 12. Rc1 Nb6 13. b3 Qd7 14. Qd2 Rfc8 15.
Rfd1 Bh3 16. Bh1 h5 17. Bh6 Bh8 18. e4 Bg4 19. f3 Be6 20. e5 c5 21. Be3 c4 22.
f4 a5 23. Bf3 Rc7 24. Bf2 Rac8 25. bxc4 Nxc4 26. Qc2 Rb7 27. Qa4 Qd8 28. Rb1
Rcb8 29. Rxb7 Rxb7 30. Rb1 Rxb1+ 31. Nxb1 Qb6 32. Qb3 Qa7 33. Qb5 Bg7 34. Nc3
Nd2 35. Bxd5 Bxd5 36. Qxd5 Qc7 37. Qc5 Qb7 38. d5 Bf8 39. Be3 Nb1 40. Qb5 Qxb5
41. Nxb5 1-0

[Event "Titled Tue 20th May Late"]
[Site "chess.com INT"]
[Date "2025.05.20"]
[Round "7"]
[White "Yin, Evan"]
[Black "Anhwere, Bernard"]
[Result "1-0"]
[BlackTitle "CM"]
[WhiteElo "2119"]
[BlackElo "1906"]
[WhiteFideId "30953111"]
[BlackFideId "12600580"]
[EventDate "2025.05.20"]

1. d4 Nf6 2. g3 g6 3. Bg2 Bg7 4. e4 d6 5. Nc3 O-O 6. Nge2 Nbd7 7. O-O c5 8. Be3
Ng4 9. Bg5 cxd4 10. Nxd4 Nde5 11. Nd5 Re8 12. h3 Nf6 13. Bxf6 exf6 14. f4 Nc6
15. f5 Ne7 16. fxg6 hxg6 17. Nxf6+ Bxf6 18. Rxf6 Qb6 19. Kh2 Qxb2 20. Rb1 Qxa2
21. Rxd6 Nc6 22. Nb5 Qa5 23. c4 Be6 24. Nd4 Nxd4 25. Qxd4 Rac8 26. Rxb7 Rxc4 27.
Qf2 Qa4 28. Rxe6 Rf8 29. Ree7 Rc2 30. Qxa7 Qc4 31. Qe3 Qf1 32. Qg1 Qe2 33. Rec7
Qxe4 34. Rxc2 Qxc2 35. Qf1 Qc4 36. Qxc4 1-0

[Event "Titled Tue 20th May Late"]
[Site "chess.com INT"]
[Date "2025.05.20"]
[Round "7"]
[White "Varriale, Luca"]
[Black "Gurevich, Dmitry"]
[Result "1/2-1/2"]
[BlackTitle "GM"]
[WhiteElo "2172"]
[BlackElo "2347"]
[WhiteFideId "882461"]
[BlackFideId "2000407"]
[EventDate "2025.05.20"]

1. d4 Nf6 2. c4 a6 3. Nc3 c5 4. Nf3 cxd4 5. Nxd4 d5 6. cxd5 Nxd5 7. Nf3 Nxc3 8.
Qxd8+ Kxd8 9. bxc3 f6 10. Ba3 e5 11. Bxf8 Rxf8 12. O-O-O+ Kc7 13. Nd2 Be6 14.
Nb3 Nd7 15. Kb2 Rac8 16. e3 Kb8 17. Rd6 Rfe8 18. Be2 Ka7 19. Rhd1 Nb6 20. Rxe6
Rxe6 21. Bg4 Rec6 22. Bxc8 Rxc8 23. Kc2 Na4 24. Rd7 Nxc3 25. Rxg7 Nxa2+ 26. Kb2
Nb4 27. Rxh7 Nd3+ 28. Ka3 Nxf2 29. Na5 Kb6 30. Nxb7 Rc3+ 31. Kb2 Rxe3 32. Nd6
Kc5 33. Nf5 Re2+ 34. Kc3 Nd1+ 35. Kd3 Rxg2 36. Rh6 Nf2+ 37. Kc3 Ng4 38. Rg6 Ne3
39. Rxf6 Nxf5 40. Rxf5 Kd5 41. Rf6 Ra2 42. h4 Ke4 43. h5 Rh2 44. Rxa6 Rxh5 45.
Kd2 Rh2+ 46. Ke1 Kf4 47. Ra4+ e4 48. Ra3 Rb2 49. Rc3 Ke5 50. Ra3 Kd4 51. Rh3 Rg2
52. Ra3 Ke5 53. Rb3 Kf4 54. Ra3 Rc2 55. Rb3 Rc4 56. Ra3 Rd4 57. Rb3 Ra4 58. Rc3
Ra2 59. Rb3 Ra1+ 60. Ke2 Ra2+ 61. Ke1 Ke5 62. Rc3 Kd4 63. Rb3 Rc2 64. Ra3 Rc1+
65. Ke2 Rh1 66. Ra4+ Ke5 67. Ra5+ Kf4 68. Ra3 Rh2+ 69. Ke1 Rc2 70. Rb3 Rc4 71.
Ra3 Rd4 72. Rb3 Rd3 73. Rxd3 exd3 74. Kd2 Ke4 75. Kd1 Ke3 76. Ke1 d2+ 77. Kd1
Kd3 1/2-1/2

[Event "Titled Tue 20th May Late"]
[Site "chess.com INT"]
[Date "2025.05.20"]
[Round "7"]
[White "Drozdowski, Kacper"]
[Black "Mekhitarian, Krikor Sevag"]
[Result "1-0"]
[WhiteTitle "IM"]
[BlackTitle "GM"]
[WhiteElo "2450"]
[BlackElo "2564"]
[WhiteFideId "1136720"]
[BlackFideId "2107660"]
[EventDate "2025.05.20"]

1. e4 c5 2. Nf3 Nc6 3. b3 Nf6 4. e5 Nd5 5. Bb2 g6 6. g3 Bg7 7. Bg2 O-O 8. O-O d6
9. Re1 Bg4 10. h3 Bxf3 11. Qxf3 e6 12. Nc3 Bxe5 13. Rab1 Nxc3 14. dxc3 Qc7 15.
Qd3 Rad8 16. a4 Bg7 17. Rbd1 d5 18. Bc1 c4 19. bxc4 Ne5 20. Rxe5 dxc4 21. Qf1
Rxd1 22. Qxd1 Bxe5 23. Qf3 b6 24. Bh6 Rd8 25. h4 Qd6 26. Kh2 Bg7 27. Bg5 Re8 28.
Qb7 h6 29. Bf4 e5 30. Be3 e4 31. Qxa7 Re6 32. Bxe4 Bxc3 33. Qa8+ Kg7 34. Bd5 Rf6
35. Qb7 Be5 36. Kg2 Qc7 37. Qxc7 Bxc7 38. Bxc4 Be5 39. f4 Bc3 40. Kf3 Kg8 41.
Ke4 Ba5 42. Bd5 Rd6 43. c4 Rd8 44. Bd4 Re8+ 45. Be5 Bc3 46. Bc6 Re7 47. Kd5 Bxe5
48. fxe5 Kf8 49. Kd6 Ra7 50. Bb5 Rb7 51. Kc6 Re7 52. Kxb6 Rxe5 53. a5 Re3 54. a6
Ra3 55. a7 1-0

[Event "Titled Tue 20th May Late"]
[Site "chess.com INT"]
[Date "2025.05.20"]
[Round "7"]
[White "Belov, Alexei"]
[Black "Di Benedetto, Guillermo"]
[Result "0-1"]
[WhiteTitle "IM"]
[BlackTitle "FM"]
[WhiteElo "2421"]
[BlackElo "2289"]
[WhiteFideId "4128206"]
[BlackFideId "111120"]
[EventDate "2025.05.20"]

1. e4 c5 2. Nf3 Nc6 3. d4 cxd4 4. Nxd4 Nf6 5. Nc3 e5 6. Ndb5 d6 7. Bg5 a6 8. Na3
b5 9. Nd5 Be7 10. Bxf6 Bxf6 11. c3 O-O 12. Nc2 Rb8 13. h4 Be7 14. g3 Be6 15. Bg2
Qd7 16. O-O Bd8 17. Nce3 Ne7 18. Nxe7+ Qxe7 19. Nd5 Qb7 20. Kh2 Bxd5 21. exd5 f5
22. f4 e4 23. a4 b4 24. c4 Qb6 25. b3 Bf6 26. Ra2 e3 27. Bh3 g6 28. h5 Rfe8 29.
Re2 Kf7 30. Kg2 Qd4 31. Qxd4 Bxd4 32. g4 fxg4 33. Bxg4 Kf6 34. Kf3 Rf8 35. hxg6
hxg6 36. Rh1 Rh8 37. Reh2 Rxh2 38. Rxh2 Re8 39. Ke2 Re4 40. Kf3 Re8 41. Be6 Kg7
42. a5 Rf8 43. Ke4 Bc5 44. Rg2 Kf6 45. Rh2 Kg7 46. Rg2 Kf6 47. Rh2 g5 48. fxg5+
Kxg5 49. Rg2+ Kh4 50. Kd3 Rf1 51. Rg4+ Kh5 52. Re4 Ra1 53. Bc8 Rxa5 54. Re7 Ra3
55. Kc2 a5 56. Bd7 Ra2+ 57. Kd1 Rb2 58. Ba4 Kg4 59. Ke1 Kf3 60. Rf7+ Ke4 61. Rc7
Kd3 0-1